| 000 | 00931nms a2200265zu 4500 | ||
|---|---|---|---|
| 001 | 22893 | ||
| 003 | HDC | ||
| 007 | cr ba a|c|| | ||
| 008 | 210315p20140927ts ||||gq||d| 00| 0 eng | ||
| 040 | _aHDC | ||
| 050 | _aJART000909 | ||
| 100 |
_aGoodland, Robert _eauthor _919636 |
||
| 245 | 0 |
_aLivestock and Climate Change : _cby Robert Goodland and Jeff Anhang _bWhat if the key actors in climate change are... / |
|
| 260 |
_a[No place]: _b[publisher not identified], _c2009 |
||
| 300 | _a1online resources, 10 pages | ||
| 336 |
_atext _2rdacontent |
||
| 337 |
_acomputer _2rdamedia |
||
| 338 |
_aonline resource _2rdacarrier |
||
| 650 |
_aclimate change _919637 |
||
| 650 |
_alivestock _92405 |
||
| 856 | _zRequest full-text at [email protected] | ||
| 942 | _2lcc | ||
| 942 | _cAR | ||
| 942 | _kJART 003606 | ||
| 999 |
_c20209 _d20209 |
||